00424nam a22001577a 450000500170000001000150001702000260003203500140005803700130007208200110008510000150009624500430011126000400015427000410019430000310023520190103130746.0 aENG-124625 a9788192557184c600.00 aEN-108157 bDBAD/PUB a613.71 aOm Prakash aExcercises and fitness/cby Om Prakash c2018aAllahabadbAnurag Publication a116/70, Lukerganj,bAllahbade211001 c21cm(Hb)a136p. bill.pic.